| 000 -LEADER |
| fixed length control field |
01346nam a22002537a 4500 |
| 003 - CONTROL NUMBER IDENTIFIER |
| control field |
OSt |
| 005 - DATE AND TIME OF LATEST TRANSACTION |
| control field |
20190222084429.0 |
| 008 - FIXED-LENGTH DATA ELEMENTS--GENERAL INFORMATION |
| fixed length control field |
180309b xxu||||| |||| 00| 0 spa d |
| 020 ## - INTERNATIONAL STANDARD BOOK NUMBER |
| International Standard Book Number |
842590577X |
| 040 ## - CATALOGING SOURCE |
| Transcribing agency |
PJ |
| 100 ## - ASIENTO PRINCIPAL - NOMBRE DE PERSONA |
| 9 (RLIN) |
476 |
| Personal name |
Negro, Dalmacio |
| 245 10 - MENCIÓN DE TÍTULO |
| Título propiamente dicho |
Liberalismo y socialismo : |
| Parte restante del título |
la encrucijada intelectual de Stuart Mill / |
| Mención de responsabilidad, etc |
Dalmacio Negro. |
| 260 ## - PUBLICATION, DISTRIBUTION, ETC. (IMPRINT) |
| Place of publication, distribution, etc |
Madrid : |
| Name of publisher, distributor, etc |
Insituto de Estudios Políticos, |
| Date of publication, distribution, etc |
1975. |
| 300 ## - DESCRIPCION FISICA |
| Extent |
291 p. |
| Other physical details |
22 cm. |
| 490 ## - MENCION DE SERIE |
| Mención de Serie |
Estudios de Economía |
| 500 ## - NOTA GENERAL |
| General note |
Citas y notas bibliográficas a pie de página. |
| 505 ## - FORMATTED CONTENTS NOTE |
| Formatted contents note |
Contenido;<br/>Las dos escuelas filosóficas inglesas. Bentham: los principios de la revisión política racional. Coleridge: la política de las ideas trascendentales -- Los pensadores franceses y Stuart Mill . Augusto Comte: El moralismo político. Ciencia , política y liberalismo: Tocqueville y Mill. El problema de la ciencia Social . Comparación entre Stuart Mill y Tocqueville -- Mill y la democracia. Mill: La crisis de la critica y la cosificación de las ideas. Mill y el liberalismo social: el triunfo del conservadorismo. |
| 600 #0 - SUBJECT ADDED ENTRY--PERSONAL NAME |
| 9 (RLIN) |
477 |
| Personal name |
MILL, JOHN STUART, 1806-1873 |
| 650 #0 - ASIENTO SECUNDARIO DE MATERIA - TERMINO TEMATICO |
| 9 (RLIN) |
348 |
| Topical term or geographic name as entry element |
CIENCIAS POLITICAS |
| 650 #0 - ASIENTO SECUNDARIO DE MATERIA - TERMINO TEMATICO |
| 9 (RLIN) |
394 |
| Topical term or geographic name as entry element |
DOCTRINAS POLITICAS |
| 650 #0 - ASIENTO SECUNDARIO DE MATERIA - TERMINO TEMATICO |
| 9 (RLIN) |
300 |
| Topical term or geographic name as entry element |
ECONOMIA POLITICA |
| 650 #0 - ASIENTO SECUNDARIO DE MATERIA - TERMINO TEMATICO |
| 9 (RLIN) |
390 |
| Topical term or geographic name as entry element |
LIBERALISMO |
| 942 ## - ADDED ENTRY ELEMENTS (KOHA) |
| Source of classification or shelving scheme |
|
| Koha item type |
Libros |
| Classification part |
329.12/.14 |
| Item part |
NEG |